| 000 | 00000cas 2200000zi 4500 |
| 001 | 9.843073 |
| 003 | CaOODSP |
| 005 | 20251117180204 |
| 006 | m o d f |
| 007 | cr cn |||||||| |
| 008 | 170906c20179999qucar p o f0 a0eng|d |
| 022 | |a2561-2069 |
| 040 | |aCaOODSP|beng|erda|cCaOODSP |
| 043 | |an-cn--- |
| 086 | 1 |aP1-34E-PDF |
| 110 | 1 |aCanada. |bPublic Services and Procurement Canada, |eauthor, |eissuing body. |
| 222 | 0|aDepartmental results report |b(Canada. Public Services and Procurement Canada) |
| 245 | 10|aDepartmental results report / |cPublic Services and Procurement Canada. |
| 264 | 1|aGatineau, Quebec, Canada : |bPublic Services and Procurement Canada = Services publics et approvisionnement Canada, |c[2017]- |
| 310 | |aAnnual |
| 336 | |atext|btxt|2rdacontent |
| 337 | |acomputer|bc|2rdamedia |
| 338 | |aonline resource|bcr|2rdacarrier |
| 362 | 1 |aBegan with: 2016/2017. |
| 500 | |aIssued also in French under title: Rapport sur les résultats ministériels. |
| 588 | |aDescription based on: 2016/2017. |
| 588 | |aLatest issue consulted: 2024 to 2025. |
| 610 | 10|aCanada. |bPublic Services and Procurement Canada|xAppropriations and expenditures|vPeriodicals. |
| 650 | 0|aExpenditures, Public|vPeriodicals. |
| 655 | 7|aPeriodicals|2lcgft |
| 775 | 08|tRapport sur les résultats ministériels |w(CaOODSP)9.843084 |
| 780 | 00|tDepartmental performance report |w(CaOODSP)9.825284 |